000 00424nam a2200157 4500
001 140608
003 ES-MaACL
005 20230906200119.0
007 t|
008 070214s1923 fr r ||||1| fre d
100 1 _aSeillière, Ernest.
_9105268
245 1 0 _aPortraits de femmes /
_cErnest Seillière.
260 _aParis :
_bÉmile-Paul frères,
_c1923.
300 _a227 p. ;
_c20 x 14 cm.
852 _aES-MaACL
_jF-4082
999 _c140608
_d140608